Labor-management consultation as the Japanese type of participation (Record no. 1076420)

MARC details
000 -LEADER
fixed length control field 00784nam a2200241Ia 4500
003 - CONTROL NUMBER IDENTIFIER
control field OSt
005 - DATE AND TIME OF LATEST TRANSACTION
control field 20221006143215.0
008 - FIXED-LENGTH DATA ELEMENTS--GENERAL INFORMATION
fixed length control field 221006b |||||||| |||| 00| 0 eng d
037 ## - SOURCE OF ACQUISITION
Terms of availability Textual
040 ## - CATALOGING SOURCE
Original cataloging agency EASL
Transcribing agency EASL
Language of cataloging eng
041 ## - LANGUAGE CODE
Source of code eng
Language code of text/sound track or separate title eng
100 ## - MAIN ENTRY--PERSONAL NAME
Personal name PARK S J
9 (RLIN) 648143
245 #0 - TITLE STATEMENT
Title Labor-management consultation as the Japanese type of participation
Remainder of title An international comparisonn no.22
260 ## - PUBLICATION, DISTRIBUTION, ETC.
Place of publication, distribution, etc. Berlin
Name of publisher, distributor, etc. Free University of Berlin
Date of publication, distribution, etc. 1982
300 ## - PHYSICAL DESCRIPTION
Extent 23p.
Dimensions cm.
490 ## - SERIES STATEMENT
Volume/sequential designation JEL
Series statement Social And Economic Research On Modern Japan
942 ## - ADDED ENTRY ELEMENTS (KOHA)
Classification part X:95.42, M21
Koha item type Textual
Source of classification or shelving scheme Colon Classification (CC)
Holdings
Withdrawn status Lost status Source of classification or shelving scheme Damaged status Not for loan Home library Current library Date acquired Source of acquisition Serial Enumeration / chronology Total Checkouts Full call number Barcode Date last seen Price effective from Koha item type
    Colon Classification (CC)     Department of East Asian Studies Library Department of East Asian Studies Library 2022-10-06 Gift, Japan Foundation JEL   X:95.42 M21 EA0789580 2022-10-06 2022-10-06 Textual
Copyright @ Delhi University Library System